Statistics for Mergeography

Click here to take the quiz!

General Stats

  • This quiz has been taken 551 times
    (529 since last reset)
  • The average score is 26 of 45

Answer Stats

"Before" Hint"After" HintAnswer% Correct
Denmark - x
92%
Arkansas - x
87%
Siam - x
86%
Budapest - x
84%
Panama - x
84%
Portugal - x
82%
Barbuda - x
81%
Lesotho - x
80%
Quebec - x
79%
Baikal - x
77%
Mumbai - x
77%
Mozambique - x
76%
Japan - x
73%
Angola - x
70%
Rio Grande - x
70%
Andes - x
69%
Montevideo - x
65%
The southernmost Nordic countryBill Clinton's home stateDenmarkansas
64%
Chicago - x
62%
Antigua's primary dependencyA European capital on the DanubeBarbudapest
60%
Galicia - x
60%
Pashto - x
59%
Prussia - x
59%
Pampas - x
56%
A populous island countryA country with a famous canalJapanama
55%
India's de facto financial centreThe world's deepest lake: Lake _______Mumbaikal
55%
Another Portuguese-speaking African nationCanadian regional member of the FrancophonieMozambiquebec
54%
Golan Heights - x
52%
Thimphu - x
52%
River on Texas's west border (2 words)A 7,000 km long mountain rangeRio Grandes
50%
Iberian owner of the AzoresCeltic region bordering the "Before" answerPortugalicia
48%
Seychelles - x
47%
A German state established in 1525Thailand's former namePrussiam
46%
Guinea - x
40%
A Portuguese-speaking African nationContested heights in the Levant (2 words)Angolan Heights
39%
Lowlands that contain Buenos AiresOne of Afghanistan's official languagesPampashto
39%
Piedmont - x
39%
Neapolitan - x
38%
Archipelago country, uninhabited in 1500African country that is enclaved by a bigger countrySeychellesotho
36%
Karachi - x
34%
Marathi - x
33%
Italian "foothill" region containing TurinSoutheast South American capitalPiedmontevideo
31%
Country that suffered 2014 Ebola outbreakDemonym for the Campanian city of pizzaGuineapolitan
27%
A common Indian language; top ten in the worldThe capital of a small Buddhist nationMarathimphu
27%
Urban agglomeration with 18.6 million peopleWindy agglomeration with 9.9 million peopleKarachicago
26%

Score Distribution

Percentile by Number Answered

Percent of People with Each Score

Your Score History

You have not taken this quiz since the last reset